| 000 | 00364nam a22001217a 4500 | ||
|---|---|---|---|
| 082 |
_a344.0095491 _bPLC |
||
| 245 |
_aPakistan Labour Cases 2023 / _cEdited by Muhammad Wahaj Azhar and et all |
||
| 260 |
_aLahore : _bPakistan Law House, _c2023. |
||
| 300 |
_a3 v. _c24 cm. |
||
| 563 | _aHardcover. | ||
| 650 |
_aLaw, Pakistan Labour Cases _9126991 |
||
| 942 |
_2ddc _cREF |
||
| 999 |
_c612365 _d612365 |
||